The earliest economic growth in world history : proceedings of the Berlin workshop /
"Most of today's approaches to growth are expressed in terms related to goods, innovations, savings, technology, etc., and all are related to modern thought and recent historical developments. From the standpoint of technology and production, the economic historian Robert C. Allen has demo...
مؤلفون آخرون:
التنسيق: كتاب
اللغة: English
منشور في:
Leiden : Peeters :
Nederlands Instituut voor het Nabije Oosten ; Leuven,
2022.
سلاسل:
Uitgaven van het Nederlands Instituut voor het Nabije Oosten te Leiden ;
133.
PIHANS ;
133.
الموضوعات:
الوسوم: إضافة وسم
رقم الطلب: DS41 .N37 v.133
| LEADER | 04103nam a22005537a 4500 | ||
|---|---|---|---|
| 003 | OSt | ||
| 005 | 20260504094950.0 | ||
| 008 | 260504t20222022ne ab b 100 0 eng d | ||
| 010 | |a 2023394067 | ||
| 016 | 7 | |a 020741157 |2 Uk | |
| 020 | |a 9789042948129 |q (paperback) | ||
| 020 | |z 9789042948136 |q (electronic book) | ||
| 020 | |a 9042948124 |q (paperback) | ||
| 024 | 3 | |a 9789042948129 | |
| 035 | |a 23111921 | ||
| 035 | |a (OCoLC)1341393640 | ||
| 040 | |a GRU |b eng |c GRU |e rda |d CUS |d OHX |d YDX |d ERASA |d CUS |d UKMGB |d OCLCF |d CGU |d JHE |d PTS |d UIU |d DLC | ||
| 042 | |a lccopycat | ||
| 050 | 1 | 4 | |a DS41 |b .N37 v.133 |
| 072 | 7 | |a HB |2 lcco | |
| 082 | 0 | 4 | |a 932-933 |
| 245 | 0 | 4 | |a The earliest economic growth in world history : |b proceedings of the Berlin workshop / |c edited by David A. Warburton. |
| 246 | 3 | 0 | |a Proceedings of the Berlin workshop |
| 264 | 1 | |a Leiden : |b Nederlands Instituut voor het Nabije Oosten ; |a Peeters : |b Leuven, |c 2022. | |
| 264 | 4 | |c ©2022 | |
| 300 | |a xx, 308 pages : |b color illustrations, color maps ; |c 27 cm. | ||
| 336 | |a text |b txt |2 rdacontent | ||
| 336 | |a still image |b sti |2 rdacontent | ||
| 336 | |a cartographic image |b cri |2 rdacontent | ||
| 337 | |a unmediated |b n |2 rdamedia | ||
| 338 | |a volume |b nc |2 rdacarrier | ||
| 490 | 1 | |a PIHANS, |x 0926-9568 ; |v volume CXXXIII | |
| 504 | |a Includes bibliographical references. | ||
| 505 | 0 | 0 | |t Introduction : the workshop on economic growth in antiquity / |r David A. Warburton -- |t Transformations from the Neolithic to the Bronze age in Greece : a model of a household in an egalitarian Neolithic village / |r Donald W. Jones -- |t Economic growth and development in the ancient Near East / |r Giacomo Benati -- |t The golden interval of old Assyrian trade (2000-1700 BC) / |r Jan Gerrit Dercksen -- |t Silver, markets and growth in Pharaonic Egypt / |r Juan Carlos Moreno García -- |t The political economy of foreign labour in Pharaonic Egypt, 2700-1069 BCE : an assessment of impacts on northeast African and southwest Asian societies / |r Christian Langer -- |t Some thoughts on economic progress, innovation and growth in southern Mesopotamia / |r Johannes Renger -- |t Economic growth in early Mesopotamia : general considerations and some specific examples / |r Piotr Steinkeller -- |t Postface : a perspective on the theory and history of economic growth / |r David A. Warburton. |
| 520 | 8 | |a "Most of today's approaches to growth are expressed in terms related to goods, innovations, savings, technology, etc., and all are related to modern thought and recent historical developments. From the standpoint of technology and production, the economic historian Robert C. Allen has demonstrated that the route to the economies of the 20th century AD was determined by what happened in Britain in the 18th and 19th centuries AD. In this sense, one can point out that the context of the Industrial Revolution dominates thought about economic growth. By contrast, from the standpoint of finance, it can be suggested that the route to the 21st century AD began in Mesopotamia in the fifth millennium BC. The issue of the difference stands at the centre of what causes economic growth - and that is the principle concern of the discussions in this volume, the outcome of the workshop Economic Growth in Antiquity, held in Berlin in 2016." -- |c Page 4 of cover | |
| 540 | |a Current Copyright Fee: GBP22.50 |c 0. |5 Uk | ||
| 650 | 0 | |a Economic development |x History |v Congresses. | |
| 650 | 7 | |a Economic development. |2 fast |0 (OCoLC)fst00901785 | |
| 655 | 7 | |a History. |2 fast |0 (OCoLC)fst01411628 | |
| 655 | 7 | |a Conference papers and proceedings. |2 fast |0 (OCoLC)fst01423772 | |
| 655 | 7 | |a Conference papers and proceedings. |2 lcgft |0 https://id.loc.gov/authorities/genreForms/gf2014026068 | |
| 700 | 1 | |a Warburton, David, |e editor. | |
| 830 | 0 | |a Uitgaven van het Nederlands Instituut voor het Nabije Oosten te Leiden ; |v 133. | |
| 830 | 0 | |a PIHANS ; |v 133. | |
| 906 | |a 7 |b cbc |c copycat |d 2 |e ncip |f 20 |g y-gencatlg | ||
| 942 | |2 lcc |c BK | ||
| 955 | |b rm04 2023-05-03 z-processor |i rm04 2023-07-06 to PresSrvs | ||
| 955 | |a LCAP batch update 2025-06-02-04:00: LCAPM-893 | ||
| 999 | |c 62218 |d 62218 | ||
